000 00492nam a2200181Ia 4500
001 3403
005 20260306145641.0
008 260306t2002||||xx |||||||||||||| ||spa||
041 _aESP
082 _a272
_bV77
100 _aVives, José
_eAUT
245 0 _aLos padres de la iglesia:
_btextos doctrinales del cristianismo desde los orígenes hasta san Atanasio
260 _c2002
300 _aviii, 502 páginas :
_c22 cm.
650 _aGEN
654 _aCHU
942 _cLIB
_dJUS
_fJUS
_2ddc
_n
999 _c3403
_d3403